000 00459nam a2200193Ia 4500
005 20230623095800.0
008 131103s9999 xx 000 0 und d
020 _a1558020217
040 _aLoreto College
041 _aEnglish
082 _aF
_bANG
100 _aAngell,Jeannette
245 _aFlight
_cJeannette Angell
260 _aNew York
_bLynx Books
_c1989
300 _a453 p.
650 _aFiction in English
850 _aLCLIB
942 _cBK
999 _c16165
_d66644